000 00715nam a2200181 a 4500
005 20140412111325.0
008 000818s19uu xx 00 eng d
020 _a1-58089-005-9
050 _aTR(PS E
_bOh1 1995
100 _aTrapani, Iza
245 _aOh Where, oh where has my little dog gone? /
_cas told and illustrated by Iza Trapani.
260 _aDallas, TX :
_bWhispering Coyote Press,
_c1995.
300 _a1 v. (unp.) ; ill.
520 _aAn expanded version of the well-known song, in which the dog runs away from home and explores the desert, mountains, and oceans before deciding that home is best.
650 _aChildren's songs-Texts
650 _aDogs-Songs and music
_xSongs
999 _c104572
_d104572